Landen, rivieren, wateren en zeeën grenzend aan de Noordzee - Statistieken

Algemene statistieken
  • Deze quiz is 42 keer genomen
  • De gemiddelde score is 12 van 22
Antwoordstatistieken
Hint Antwoord % Correct
Nederland
100%
Landen Belgie
95%
Noorwegen
95%
Denemarken
92%
Frankrijk
84%
Duitsland
81%
Maas
81%
Rijn
81%
Engeland
73%
Schotland
65%
Schelde
59%
Wateren en zeeën Atlantische Oceaan
57%
Waddenzee
57%
Theems
38%
Rivieren Elbe
35%
Kattegat
32%
Eems
14%
Nauw van Calais
14%
Noordelijke IJszee
14%
Skagerrak
11%
Wezer
8%
Humber
3%
Geen overeenkomende quizzen gevonden
Scoreverdeling
Procent van Mensen met Elke Score
Percentiel versus Aantal Correcte Antwoorden
Uw Scoregeschiedenis
U heeft deze quiz nog niet genomen